| 000 | 00000nas 2200000za 4500 |
| 001 | 9.503238 |
| 003 | CaOODSP |
| 005 | 20221107133234 |
| 007 | cr ||||||||||| |
| 008 | 150406d19881997onc x p o||||f0 |0fre|d |
| 022 | |a1701-8749 |
| 040 | |aCaOODSP|bfre |
| 043 | |an-cn--- |
| 086 | 1 |aIN3-21F-PDF |
| 130 | 0 |aRégime de pensions du Canada, ... rapport actuariel au ... (En ligne) |
| 210 | 0 |aRégime pensions Can. rapp. actuar.|b(En ligne) |
| 222 | 0|aRégime de pensions du Canada, ... rapport actuariel|b(En ligne) |
| 245 | 00|aRégime de pensions du Canada, ... rapport actuariel au ... |h[ressource électronique] |
| 260 | |a[Ottawa : |bBureau du surintendant des institutions financières,|c198--1998] |
| 310 | |aAnnuel |
| 362 | 1 |a11e (1988) - 17e (1997) |
| 691 | 07|aPension publique|2gcpds |
| 710 | 2 |aBureau du surintendant des institutions financières Canada. |
| 775 | 08|tCanada Pension Plan, ... actuarial report as at ... |w(CaOODSP)9.506842 |
| 780 | 00|tRégime de pensions du Canada ... rapport actuariel statutaire au ... |w(CaOODSP)9.503237 |
| 785 | 00|tRapport actuariel ... au ... sur le Régime de pensions du Canada |w(CaOODSP)9.502560 |